Manual plantar-plantar-plantar

Salvato in:
Dettagli Bibliografici
Autore principale: Riedemann Moellinghoff, María Paulina (Autore)
Natura: Libro
Lingua:spagnolo
Pubblicazione: Santiago Defensores del Bosque Chileno 1997
Serie:Colección Bosqueduca
Soggetti:
Tags: Aggiungi Tag
Nessun Tag, puoi essere il primo ad aggiungerne!!

MARC

LEADER 00000nam a2200000 a 4500
001 UCP6997
003 CL-VaPUC
008 991126e19970000CL |||||||||||||||||spa|d
082 0 4 |a 372.357  |b RIE  |2 21 
100 0 |a Riedemann Moellinghoff, María Paulina  |e author  |9 436370 
245 1 0 |a Manual plantar-plantar-plantar 
300 |a 47 p 
942 |c BK 
945 |d 19991126 00:00:00  |a rbrito 
260 |a Santiago  |b Defensores del Bosque Chileno  |c 1997 
650 0 |a Educación ambiental  |9 262920 
650 0 |a Semillas   |9 264396 
650 0 |a Cultivo  |9 264268 
650 0 |a Semilleros (almácigos)  |9 417444 
650 7 |a SILVICULTURA  |2 CL-VaPUC  |9 264178 
583 |a last modification  |c 20170830 09:43:24  |k Rodrigo Vera 
490 0 |a Colección Bosqueduca 
999 |c 284369  |d 284367 
952 |0 0  |1 0  |4 0  |6 372_357000000000000_RIE_1997  |7 0  |8 P  |9 328285  |a BIBEDU  |b BIBEDU  |c BIBEDU_PB  |d 2019-11-20  |i 3581357  |o 372.357 RIE 1997  |p 3581357  |r 2024-01-25  |w 2019-11-20  |y BK  |k EPE